Countries with F1 Grand Prix wins - Statistics

General Stats
  • This quiz has been taken 33 times
  • The average score is 20 of 23
Answer Stats
Rank Wins Drivers Answer % Correct
1 326 21 United Kingdom
97%
3 101 6 Brazil
93%
6 57 5 Finland
93%
4 81 14 France
93%
2 179 7 Germany
93%
8 47 15 Italy
93%
5 71 1 Netherlands
93%
12 33 15 United States
93%
10 38 3 Argentina
90%
11 36 2 Spain
90%
14 12 3 Sweden
90%
7 52 5 Australia
86%
22 1 1 Poland
86%
9 41 3 Austria
83%
16 11 2 Belgium
83%
13 17 2 Canada
83%
18 8 2 Mexico
83%
14 12 2 New Zealand
83%
17 10 1 South Africa
76%
18 8 1 Monaco
72%
20 7 2 Switzerland
69%
20 7 1 Colombia
66%
22 1 1 Venezuela
66%
No matching quizzes found
Score Distribution
Percent of People with Each Score
Percentile by Number Answered
Your Score History
You have not taken this quiz